[Event "COL-ch sf"]
[Site "Pereira"]
[Date "2024.03.30"]
[Round "9"]
[White "Rodriguez Correa, Enrique"]
[Black "Cardona Marin, Fabio"]
[Result "1/2-1/2"]
[WhiteElo "1951"]
[BlackElo "1869"]
[PlyCount "52"]
[EventDate "2024.03.26"]
[EventType "swiss"]
[EventRounds "11"]
[EventCountry "COL"]
[SourceTitle "CB14_2024"]
[SourceDate "2024.04.01"]
[SourceVersion "1"]
[SourceVersionDate "2024.04.01"]
[SourceQuality "1"]

1. d4 Nf6 2. c4 e6 3. a3 b6 4. Nc3 Bb7 5. Nf3 d5 6. cxd5 exd5 7. Bg5 Be7 8. e3 0-0 9. Bd3 Ne4 10. Bxe7 Qxe7 11. 0-0 Nd7 12. Rc1 Rfc8 13. b4 g6 14. Qb3 Nxc3 15. Rxc3 c6 16. Rfc1 Rab8 17. Qa4 Ra8 18. Qb3 b5 19. a4 a6 20. a5 Kg7 21. g3 f6 22. Bf1 h6 23. Ne1 Rc7 24. Bg2 Rcc8 25. Nd3 f5 26. Qc2 Rcb8 1/2-1/2

[Event "Bogota McGregor op 3rd"]
[Site "Bogota"]
[Date "2012.12.14"]
[Round "4"]
[White "Becerra, Juan David"]
[Black "Rodriguez Correa, Enrique"]
[Result "1-0"]
[WhiteElo "2260"]
[BlackElo "2004"]
[PlyCount "41"]
[EventDate "2012.12.12"]
[EventType "swiss"]
[EventRounds "9"]
[EventCountry "COL"]
[SourceTitle "EXT 2014"]
[Source "ChessBase"]
[SourceDate "2013.11.20"]
[SourceVersion "1"]
[SourceVersionDate "2013.11.20"]
[SourceQuality "1"]

1. e4 Nf6 2. e5 Nd5 3. c4 Nb6 4. d4 d6 5. exd6 cxd6 6. Nc3 g6 7. Be3 Bg7 8. Rc1 0-0 9. b3 Nc6 10. d5 Ne5 11. Be2 Ned7 12. Nf3 Nf6 13. Nd4 Nbd7 14. 0-0 Ne5 15. h3 a6 16. f4 Ned7 17. f5 Ne5 18. Qd2 Bd7 19. Bh6 Ne8 20. g4 Rc8 21. Rf2 1-0

[Event "Bogota McGregor op 3rd"]
[Site "Bogota"]
[Date "2012.12.14"]
[Round "5"]
[White "Rodriguez Correa, Enrique"]
[Black "Corredor, Jose"]
[Result "0-1"]
[WhiteElo "2004"]
[BlackElo "1751"]
[PlyCount "69"]
[EventDate "2012.12.12"]
[EventType "swiss"]
[EventRounds "9"]
[EventCountry "COL"]
[SourceTitle "EXT 2014"]
[Source "ChessBase"]
[SourceDate "2013.11.20"]
[SourceVersion "1"]
[SourceVersionDate "2013.11.20"]
[SourceQuality "1"]

1. e4 e5 2. Nf3 Nc6 3. d4 exd4 4. Nxd4 Qf6 5. Nxc6 Qxc6 6. Bd3 d6 7. 0-0 Nf6 8. Qe2 Bd7 9. Nc3 0-0-0 10. Be3 d5 11. exd5 Nxd5 12. Nxd5 Qxd5 13. Bxa7 Bc5 14. Bxc5 Qxc5 15. Qe3 Qxe3 16. fxe3 Be6 17. b3 g5 18. Rf6 Kd7 19. Raf1 Ke7 20. Rh6 Rd5 21. h3 Re5 22. e4 b5 23. c3 Ra8 24. Bb1 Rd8 25. Rhf6 h5 26. R6f2 c5 27. Re1 h4 28. Rff1 Rg8 29. Kh2 g4 30. hxg4 Rxg4 31. Rf2 Rg3 32. Rf3 Reg5 33. Rg1 Rxf3 34. gxf3 Rxg1 35. Kxg1 0-1

[Event "Bogota McGregor op 1st"]
[Site "Bogota"]
[Date "2010.12.06"]
[Round "6"]
[White "Castaneda, Victor"]
[Black "Rodriguez Correa, Enrique"]
[Result "0-1"]
[WhiteElo "1938"]
[BlackElo "2030"]
[PlyCount "50"]
[EventDate "2010.12.03"]
[EventType "swiss"]
[EventRounds "10"]
[EventCountry "COL"]
[SourceTitle "CBM 139 Extra"]
[Source "ChessBase"]
[SourceDate "2011.01.05"]
[SourceVersion "1"]
[SourceVersionDate "2011.01.05"]
[SourceQuality "1"]

1. d4 Nf6 2. c4 e6 3. Nf3 d5 4. Nc3 Be7 5. Bg5 Nbd7 6. e3 a6 7. cxd5 exd5 8. Be2 0-0 9. 0-0 c6 10. Rb1 Re8 11. b4 Ne4 12. Bxe7 Qxe7 13. Nxe4 dxe4 14. Nd2 Nf6 15. Qb3 Be6 16. Bc4 Bd5 17. Rfc1 Rad8 18. a4 h5 19. Nf1 h4 20. h3 Rd6 21. Nh2 Kh8 22. Rb2 Qe6 23. Rbc2 g5 24. Bxd5 Rxd5 25. Rc5 Rxc5 0-1

[Event "Bogota IRT op"]
[Site "Bogota"]
[Date "2009.05.01"]
[Round "3"]
[White "Morales, Jhon Alexander"]
[Black "Rodriguez Correa, Enrique"]
[Result "1-0"]
[WhiteElo "2316"]
[BlackElo "2041"]
[PlyCount "73"]
[EventDate "2009.04.30"]
[EventType "swiss"]
[EventRounds "9"]
[EventCountry "COL"]
[SourceTitle "CBM 130 Extra"]
[Source "ChessBase"]
[SourceDate "2009.07.02"]
[SourceVersion "2"]
[SourceVersionDate "2009.07.15"]
[SourceQuality "1"]

1. e4 Nf6 2. e5 Nd5 3. d4 d6 4. Nf3 Bg4 5. Be2 e6 6. 0-0 Be7 7. h3 Bh5 8. c4 Nb6 9. exd6 cxd6 10. Be3 0-0 11. Nc3 Nc6 12. b3 d5 13. c5 Nc8 14. b4 Bxf3 15. Bxf3 Nxb4 16. Rb1 Nc6 17. Rxb7 Bf6 18. Qa4 N8e7 19. g4 h6 20. Rd1 Na5 21. Rb4 Nec6 22. Rbb1 Rb8 23. Bg2 Rxb1 24. Rxb1 Qa8 25. Nxd5 exd5 26. Bxd5 Qc8 27. Bg2 Qc7 28. Rb5 Rb8 29. Rxb8+ Nxb8 30. Qe8+ Kh7 31. Be4+ g6 32. Bf4 Qd7 33. Qxb8 Qxd4 34. Qd6 Qxe4 35. Qxf6 Qb1+ 36. Kh2 Nc4 37. Qxf7+ 1-0